Statistiques concernant Tous les niveaux de Donkey Kong Country Tropical Freeze

Cliquez ici pour prendre le quiz!

Statistiques générales

  • Ce quiz a été pris 2 fois
  • Le résultat moyen est 15 sur 70

Statistiques - réponses

MondeRéponses% Correct
Monde 3-1Carnaval animal
100%
Monde 2-AGrotte de gruyère
100%
Monde 5Jungle juteuse
100%
Monde 4-BossLe bouffi des bas-fonds
100%
Monde 5-BossLe concasseur colérique
100%
Monde 2-BossLe hululeur des hauteurs
100%
Monde 3-BossLe trio terrible
100%
Monde 3Savane ensoleillée
100%
Monde 4Atoll tropical
50%
Monde 5-ABourdons belliqueux
50%
Monde 2Cimes automnales
50%
Monde 4-6Courants turbulents
50%
Monde 6-8Dangereux dégel
50%
Monde 4-BDédale abyssal
50%
Monde 5-4Fabrique frénétique
50%
Monde 6Île de Donkey Kong
50%
Monde 1Mangrove perdue
50%
Monde 4-2Mines sous-marines
50%
Monde 5-2Périple périlleux
50%
Monde 6-KongPics épiques
50%
Monde 5-6Sorbets suspects
50%
Monde 5-3Usine à vitamines
50%
Monde 6-3Aqueducs caducs
0%
Monde 6-6Avalanche à outrance
0%
Monde 1-ABalade à Bananopolis
0%
Monde 3-4Broussailles embrasées
0%
Monde 2-4Bûches et embûches
0%
Monde 1-3Canopée chaotique
0%
Monde 3-6Canyon aux canons
0%
Monde 3-5Cavale crépusculaire
0%
Monde 6-4Caverne croulante
0%
Monde 6-7Centrale glaciale
0%
Monde 7-2Circuit céleste
0%
Monde 3-3Cyclones cycliques
0%
Monde 2-5Dangereux dirigeables
0%
Monde 6-ADégivrage détonnant
0%
Monde 2-6Ding Dingue Kong
0%
Monde 5-1Ecueils et cueillette
0%
Monde 1-2Epaves éparses
0%
Monde 4-5Explosions exaspérantes
0%
Monde 6-5Frimas et frondaison
0%
Monde 3-2Graines d'engraines
0%
Monde 7-3Hélicoïdes bizarroïdes
0%
Monde 6-1Jungle des givrés
0%
Monde 6-BossLe fantoche fulminant
0%
Monde 1-BossLe jongleur tapageur
0%
Monde 1-KongLianes fatales
0%
Monde 1-1Mangrove groovy
0%
Monde 1-BMarécages et fuselages
0%
Monde 3-KongMécanique antique
0%
Monde 4-KongMeules magmatiques
0%
Monde 2-1Moulins vermoulus
0%
Monde 7-1Pavés pernicieux
0%
Monde 4-1Pièges pélagiques
0%
Monde 6-2Plage de glace
0%
Monde 2-3Plates-formes précaires
0%
Monde 5-BPressoirs oppressants
0%
Monde 4-3Profonde pénombre
0%
Monde 2-KongPtibou par ptibou
0%
Monde 5-5Rebonds gourmands
0%
Monde 3-BRoncière remuante
0%
Monde 2-BRongeurs ravageurs
0%
Monde 3-ARouages rageurs
0%
Monde 7Sommets sacrés
0%
Monde 6-BStalactites suspectes
0%
Monde 4-AStatues sursauteuses
0%
Monde 5-KongSupports sporadiques
0%
Monde 4-4Terreur tentaculaire
0%
Monde 2-2Turpitudes en altitude
0%
Monde 1-4Wagon vagabond
0%

Distribution des résultats

Percentile par nombre de réponses

% des personnes avec chaque résultat

Votre développement - résultats

Vous n’avez pas pris ce quiz